000 01006nas a2200313 4500
001 BR2012004079
003 BR-BrBNA
005 20231205120653.0
007 ta
008 230509b bl.|||p| |||| 00| 00por d
040 _aBR-BrBNA
_bpor
_cBiblioteca Nacional de Agricultura
041 _a(Pt)
072 _aF50; F70
100 1 _aPimentel, L.D.
100 1 _aDias, L.A. dos S.
100 1 _aPaes, J.M.V.
100 1 _aSato, A.Y.
100 1 _aMotoike, S.Y.
245 1 _aDiversidade no gênero Acrocomia e proposta de subdivisão da espécie Acrocomia aculeata
650 _aMACAÚBA
650 _aACROCOMIA ACULEATA
650 _aBIOCOMBUSTÍVEL
650 _aVARIAÇÃO GENÉTICA
650 _aTAXONOMIA VEGETAL
650 _aMORFOLOGIA VEGETAL
773 0 _tInforme Agropecuário- Empresa de Pesquisa Agropecuária de Minas Gerais (Brazil)
_xISSN 0100-3364
_g(Nov-Dec 2011), v. 32(265) p. 81-87
_wBR2012004079
909 _a202311
_bLúcia
_c55
_dLúcia Elande
942 _2AGRIS
_n0
_cANA
999 _c219678
_d219678